000 00456cam a22001337a 4500
008 180718b-- xxu||||| |||| 00| 0 eng d
082 _aP5096x54 In2/1962
245 _aVice-chancellors' conference
_cby University Grants Commission and Ministry of Education, India
260 _aNew Delhi
_bNew Age Printing Press
_c--
300 _a--
500 _aLibrary has 1961, 1966
700 _aIndia. Ministry of Education
700 _aIndia. University Grants Commi
999 _c494810
_d494810